| 000 | 00000nam##2200000za#4500 |
| 001 | 9.644152 |
| 003 | CaOODSP |
| 005 | 20210624224518 |
| 007 | cr ||||||||||| |
| 008 | 150407|2011||||xxc|||||o f|0| 0 fre|d |
| 040 | |aCaOODSP|bfre |
| 043 | |an-cn--- |
| 086 | 1 |aJ4-38/2011F-PDF |
| 110 | 1 |aCanada. |bMinistère de la justice. |bDivision de la recherche et de la statistique. |
| 245 | 10|aTrois ans déjà : |h[ressource électronique]|ble mentorat au ministère de la Justice et au Service des poursuites pénales du Canada |
| 260 | |aOttawa - Ontario : |bJustice Canada. |cNovembre 2011. |
| 300 | |a55p.|bfigures, références, tableaux |
| 590 | |a15-01-Supp|b2015-01-26 |
| 691 | 07|aMentorat|2gcpds |
| 775 | 08|tThree years on |w(CaOODSP)9.700255 |
| 856 | 40|ahttp://publications.gc.ca|qPDF|s423 Ko|uhttps://publications.gc.ca/collections/collection_2015/jus/J4-38-2011-fra.pdf |